Nghiên cứu các yếu tố ảnh hưởng đến quá trình phân hủy xyanua trong nước sử dụng hệ xúc tác đồng thể H2O2/Cu2+
Khảo sát các yếu tố ảnh hưởng đến quá trình phân hủy xyanua trong nước. Độ chuyển hóa của quá trình phân hủy xyanua được theo dõi bằng phương pháp chuẩn độ dùng AgNO3 với chỉ thị 5-(4-dimetylaminobenzyliden) rôdamin.
Сохранить в:
| Главный автор: | |
|---|---|
| Другие авторы: | |
| Формат: | |
| Опубликовано: |
Đà Nẵng
Đại học Sư phạm, Đại học Đà Nẵng
2012
|
| Предметы: | |
| Метки: |
Добавить метку
Нет меток, Требуется 1-ая метка записи!
|
| Thư viện lưu trữ: | Mạng thư viện Đại học Đà Nẵng |
|---|
| LEADER | 01933nam a2200337 4500 | ||
|---|---|---|---|
| 001 | 000017546 | ||
| 003 | 13965 | ||
| 005 | 20130424110410.0 | ||
| 008 | 130424s2012 sd | ||
| 082 | |a 628.16836 |b ĐO-Đ | ||
| 100 | 1 | |a Đoàn Thị Hồng Điệp | |
| 245 | |a Nghiên cứu các yếu tố ảnh hưởng đến quá trình phân hủy xyanua trong nước sử dụng hệ xúc tác đồng thể H2O2/Cu2+ |c Đoàn Thị Hồng Điệp ; Bùi Xuân Vững hướng dẫn |k Khóa luận tốt nghiệp | ||
| 260 | |a Đà Nẵng |b Đại học Sư phạm, Đại học Đà Nẵng |c 2012 | ||
| 300 | |a 41 tr. |b Hình mh. |c 29 cm. |e Đĩa CD, bản tóm tắt | ||
| 500 | |a Khóa luận tốt nghiệp đại học. Chuyên ngành: Cử nhân Phân tích - Môi trường | ||
| 504 | |a Mục lục đầu trang, tài liệu tham khảo tr. 73 - 74, phụ lục [13 tr.] | ||
| 520 | |a Khảo sát các yếu tố ảnh hưởng đến quá trình phân hủy xyanua trong nước. Độ chuyển hóa của quá trình phân hủy xyanua được theo dõi bằng phương pháp chuẩn độ dùng AgNO3 với chỉ thị 5-(4-dimetylaminobenzyliden) rôdamin. | ||
| 600 | 1 | 4 | |b Vua |c Đinh Tiên Hoàng |
| 650 | 0 | 4 | |a Xyanua |v Khóa luận tốt nghiệp |x Quá trình phân hủy trong nước |x Nghiên cứu |
| 653 | |a Khoa Hóa học |a Xyanua |a Quá trình phân hủy trong nước | ||
| 700 | |a Bùi Xuân Vững |c T.S |e Hướng dẫn | ||
| OWN | |a LSP | ||
| AVA | |a UDN50 |b LSP |d 628.16836 ĐO-Đ |e available |t Error 5001 Not defined in file expand_doc_bib_avail. |f 1 |g 0 |h N |i 0 |k 1 | ||
| 999 | |a From the UDN01 | ||
| AVA | |a UDN50 |b LSP |d 628.16836 ĐO-Đ |e available |t Error 5001 Not defined in file expand_doc_bib_avail. |f 1 |g 0 |h N |i 0 |k 1 | ||
| TYP | |a Monograph | ||
| TYP | |a Printed language | ||
| 980 | |a Mạng thư viện Đại học Đà Nẵng | ||